00720pam a2200229 a 4500001000800000005001700008008004100025010001700066020001500083040001800098041000800116080001800124082002200142100000700164101000800171245006900179504005100248906004500299942001200344999001700356952011700373257934620180123084748.0960619s1997 cau b 001 0 eng  a 96021081  a1559345705 aDLCcDLCdDLC aeng a808.0427 DOL00a808.0427 DOL2201 a50 aPSI10aIssues across the curriculum :cDolores laGuardia, Hans P. Guth. aIncludes bibliographical references and index. a7bcbccorignewd1eocipf19gy-gencatlg 2ddccBK c40798d40798 00102ddc40708PËKGa002b002cPËKGd2018-01-23l0o808.0427 DOLp002-2996268r2018-01-23w2018-01-23yBK